| 000 | 02144nam a2200349 a 4500 | ||
|---|---|---|---|
| 001 | 000308970 | ||
| 003 | AM-YeHGA | ||
| 005 | 20250618071956.0 | ||
| 008 | 040216s1938 ai ||||gr|||||||||||arm|d | ||
| 040 | _aAM-YeHGA | ||
| 041 | 0 | _aarm | |
| 100 | 1 |
_aՏերտերյան, Արսեն Հարությունի, _d1882-1953 _91709 |
|
| 245 | 1 | 0 |
_aՀայոց նոր գրականության պատմություն : _bXIX-XX դ.դ. : (Սղագրված դասախոս. ձեռագրի իրավունքով) / _cԱ. Տերտերյան; ՀԽՍՀ Լուսժողկոմատ; Յերևանի պետ. համալս. |
| 260 |
_aՅերևան : _bՊետհամալսհրատ., _c1938. |
||
| 300 |
_aՊր. ; _c31 սմ. |
||
| 500 | _aԱպակետիպ | ||
| 505 | 0 | 0 |
_gՊր. I (1938, 61 էջ) : _tՎ. Փափազյան _gՊր. II (Ա. տ. և թ., 80 էջ) : _tՀ. Հովհաննիսյան _gՊր. III (Ա. տ. և թ., 94 էջ) : _tՀ. Թումանյան _gՊր. IV (1939, 72 էջ) : _tԱ. Ծատուրյան _gՊր. V (1939, 111 էջ) : _tԱվ. Իսահակյան _gՊր. VI (1939, 43 էջ) : _tՇ. Կուրղինյան _gՊր. VII (1939, 76 էջ) : _tՀ. Հակոբյան _gՊր. VIII (1939, 58 էջ) : _tՎ. Տերյան |
| 600 | 1 | 4 | _aՓափազյան, Վ. |
| 600 | 1 | 4 |
_aՀովհաննիսյան, Հովհաննես Մկրտչի, _d1864-1929 _93945 |
| 600 | 1 | 4 |
_aԹումանյան, Հովհաննես Թադևոսի, _d1869-1923 _91108 |
| 600 | 1 | 4 |
_aԾատուրյան, Ալեքսանդր Հովսեփի, _d1865-1917 _91663 |
| 600 | 1 | 4 |
_aԻսահակյան, Ավետիք Սահակի, _d1875-1957 _9963 |
| 600 | 1 | 4 |
_aԿուրղինյան, Շուշանիկ Հարությունի, _d1876-1927 _93841 |
| 600 | 1 | 4 | _aՀակոբյան, Հակոբ |
| 600 | 1 | 4 |
_aՏերյան, Վահան Սուքիասի, _d1885-1920 _91686 |
| 650 | 1 | 4 |
_aՀայ գրականության պատմություն _94711 |
| 710 | 2 | _aԼուսժողկոմատ ՀԽՍՀ | |
| 711 | 2 | _aԵրևանի պետական համալսարան | |
| 856 | 4 | 1 |
_uhttp://serials.flib.sci.am/Founders/Terteryan-prak-3/book/index.html#page/1/mode/2up _yկարդալ առցանց |
| 942 |
_2udc _cBK |
||
| 090 | _c115399 | ||
| 999 |
_c114059 _d114059 |
||